| 000 | 00757cam a2200229Ka 4500 | ||
|---|---|---|---|
| 999 |
_c7305 _d7305 |
||
| 001 | 57545915 | ||
| 003 | OCoLC | ||
| 005 | 20190207120456.0 | ||
| 008 | 050201s2005 nyu b 000 0 eng | ||
| 040 |
_aSPB _cSPB _dOCLCQ _dOSS |
||
| 082 |
_a230 _bR845O |
||
| 090 |
_aBS1192.5 _b.R3132 2005 |
||
| 240 | 1 | 0 |
_aTheologie des Alten Testaments. _lEnglish |
| 245 | 1 | 0 |
_aOld Testament theology / _cbY wOLFGANG M.W Roth. |
| 250 | _aPrince Press ed | ||
| 260 |
_aPeabody, MA : _bPrince Press, _c2005 |
||
| 300 |
_a2 v. in one ; _c24 cm |
||
| 504 | _aIncludes bibliographical references | ||
| 505 | 0 | _av. 1. The theology of Israel's historical traditions. -- v. 2. The theology of Israel's prophetic traditions | |
| 630 | 0 | 0 |
_aBible. _pO.T. _xTheology |
| 942 |
_2ddc _cBK |
||